| 000 | 00947nam a2200277 a 4500 | ||
|---|---|---|---|
| 999 |
_c529433 _d529433 |
||
| 001 | 1373046 | ||
| 003 | NUST | ||
| 005 | 20190926105205.0 | ||
| 008 | 820415s1981 dcua b 000 0 eng | ||
| 010 | _a 81085554 | ||
| 020 |
_a0309032717 (pbk.) : _c$7.20 |
||
| 038 | _aMSOHAIL | ||
| 040 |
_aDLC _cDLC _dDLC |
||
| 043 | _an-us--- | ||
| 050 | 0 | 0 |
_aHE5623 _b.D68 |
| 082 | 0 | 0 |
_a388.324 _219 |
| 100 | 1 |
_aDowns, Hugh G. _921476 |
|
| 245 | 1 | 0 |
_aCriteria for evaluation of truck weight enforcement programs / _cHugh G. Downs. |
| 260 |
_aWashington, D.C. : _bTransportation Research Board, National Research Council, _c1981. |
||
| 300 |
_a74 p. : _bill. ; _c28 cm. |
||
| 440 | 0 |
_aSynthesis of highway practice, _x0547-5570 ; _v82 _921477 |
|
| 504 | _aIncludes bibliographical references. | ||
| 650 | 0 |
_aTrucks _xWeight _xGovernment policy _zUnited States _xEvaluation. _921478 |
|
| 906 |
_a7 _bcbc _corignew _d2 _eopcn _f19 _gy-gencatlg |
||
| 942 |
_2ddc _cBK |
||